Information service in libraries (Record no. 19952)

MARC details
000 -LEADER
fixed length control field 00278nam a2200109Ia 4500
082 ## - DEWEY DECIMAL CLASSIFICATION NUMBER
Classification number 025.5
Item number FOS
100 ## - MAIN ENTRY--AUTHOR NAME
Personal name Foskett, D J
245 #0 - TITLE STATEMENT
Title Information service in libraries
260 ## - PUBLICATION, DISTRIBUTION, ETC. (IMPRINT)
Place of publication London
Name of publisher Crosby Lockwood
Year of publication 1958
942 ## - ADDED ENTRY ELEMENTS (KOHA)
Koha item type Books
Holdings
Withdrawn status Lost status Damaged status Not for loan Home library Current library Date acquired Cost, normal purchase price Full call number Accession Number Koha item type
        RRII Library RRII Library 16/12/2021 10.80 025.5 FOS 00680 Books